| 000 | 00599nam a2200193 i 4500 | ||
|---|---|---|---|
| 001 | 142861 | ||
| 003 | ES-MaACL | ||
| 005 | 20230906200637.0 | ||
| 007 | t| | ||
| 008 | 071010s1952 sp ||||1| spa d | ||
| 080 | _a86-992"19" | ||
| 080 | _a91(46)(026) | ||
| 100 | 1 |
_aVidal Isern, José. _9114494 |
|
| 245 | 1 | 0 |
_aPor tierras de abolengo _b: motivos y temas de España / _cJosé Vidal Isern. |
| 260 |
_aPalma de Mallorca : _b[s.n.], _c1952 ( _fAntiguo Imp. Soler) |
||
| 300 |
_aXII, 158 p. : _bil. ; _c20 cm. |
||
| 651 | 4 |
_aEspaña- _xDescripción. _98184 |
|
| 852 |
_aES-MaACL _jD-5987 _bR.31968 |
||
| 999 |
_c142861 _d142861 |
||